| 000 | 01010nam a2200217 a 4500 | ||
|---|---|---|---|
| 005 | 20140310183622.0 | ||
| 008 | 121030s19uu xx 00 eng d | ||
| 020 | _a9780230232594 | ||
| 050 |
_aHD 31 _b.H4884 2011 |
||
| 100 | _aHill, Alex | ||
| 245 |
_aEssential operations management / _cAlex Hill & Terry Hill. |
||
| 260 |
_aNew York, United States : _bPalgrave Macmillan, _c2011. |
||
| 300 |
_axxii, 458 p. : _bill. (some col) ; _c28 cm. |
||
| 500 | _aIncludes bibliographical references and index | ||
| 520 | _aFrom two highly respected authors in the field, Essential Operations Management provides a concise, student-friendly overview of operations management, striking a balance between coverage of the service and manufacturing industries that reflects current trends and supported by well-developed international case studies and learning features | ||
| 650 | _aIndustrial management | ||
| 650 | _aProduction management | ||
| 700 | _aHill, Terry | ||
| 942 |
_cBK _2lcc _kFOR |
||
| 999 |
_c25414 _d25414 |
||